000 00390nam a2200157Ia 4500
008 230524s9999 xx 000 0 und d
082 _a5.133
_bPRE
100 _aMyke Predko
245 0 _aProgramming and Costomizing The 8051 Microcontroller
250 _a1ST
260 _aNEW DELHI
_bTMH
_c2005
300 _aX;527
500 _aQuantity Number: 8
650 _aComp-Sc
942 _cBK
999 _c32175
_d32175